000 00677nam a2200217 u 4500
005 20240228063645.0
008 121129s2002 es r 000 0 spa d
020 _a8481314137
035 _aUPN01000188995
049 _aI
050 4 _aPQ6653 A2.6
_bN6.6
100 1 _aCano Peiró, Carles,
_d1957-
_931900
245 1 0 _aNo quiero ir a la cama /
_cCarles Cano ; il. Rosa Anna Crespo.
260 _aValencia, Esp. :
_bTándem,
_c2002.
300 _a[22] p. :
_bprincipalmente il. col.
650 4 _aLiteratura infantil española
_95892
650 7 _aLibros ilustrados para niños
_2
_921365
700 1 _aCrespo, Rosa Anna,
_eil.
905 _aInfantil
999 _c161098
_d161098